[Event "AUTO-OPEN-2086"]
[Site "http://www.queenalice.com/game.php?id=825147"]
[Date "2010.8.29"]
[Round "1"]
[White "mariarosa"]
[Black "raf33700"]
[Result "1-0"]
[WhiteElo "2148"]
[BlackElo "1605"]

1. c4 d5 2. d4 e6 3. e3 Nf6 4. c5 b6 5. b4 Nc6 6. a3 a5 7. b5 Na7 8. c6 Bd6 9.
a4 Qe7 10. Ba3 e5 11. dxe5 Bxa3 12. exf6 Qxf6 13. Rxa3 Be6 14. Be2 O-O 15. Nf3
Rad8 16. O-O Bg4 17. h3 Bxf3 18. Bxf3 d4 19. exd4 Rxd4 20. Qc2 g6 21. Bd1 Rfd8
22. Be2 Rb4 23. Rf3 Qb2 24. Qxb2 Rxb2 25. Nc3 Nc8 26. Bc4 Nd6 27. Rd1 Rc2 28.
Bb3 Rb2 29. Nd5 Nf5 30. Nf6+ Kg7 31. Rxd8 Kxf6 32. Rd7 Kg7 33. Rxf7+ Kh6 34. Rd7
Re2 35. Bg8 Kg5 36. Rxh7 Nh4 37. Rg3+ 1-0

[Event "AUTO-OPEN-2086"]
[Site "http://www.queenalice.com/game.php?id=825148"]
[Date "2010.8.29"]
[Round "1"]
[White "raf33700"]
[Black "mariarosa"]
[Result "1-0"]
[WhiteElo "1619"]
[BlackElo "2084"]

1. e4 Nf6 2. d3 e5 3. Nf3 Nc6 4. Be2 Be7 5. O-O d5 6. Nc3 Be6 7. Nxd5 Nxd5 8.
exd5 Bxd5 9. d4 exd4 10. Nxd4 Nxd4 11. Qxd4 Bf6 12. Qd1 O-O 13. Bf3 c6 14. c3
Be6 15. Qxd8 Raxd8 16. Be3 a6 17. Rad1 Bxa2 18. g3 Bb3 19. Rxd8 Rxd8 20. Kg2 a5
21. Bg4 a4 22. Re1 Bd5+ 23. f3 a3 24. Bd4 Bxd4 25. cxd4 a2 26. Ra1 Bb3 27. h4
Rxd4 28. f4 Rd2+ 29. Kh3 Rd1 30. Bxd1 Bxd1 31. Rxd1 Kf8 32. Ra1 Ke7 33. Rxa2 Kd6
34. Ra7 Kc7 35. g4 Kb8 36. Ra4 Kc7 37. Re4 Kb8 38. Re7 f6 39. Rxg7 c5 40. Rxh7
c4 41. g5 b5 42. gxf6 b4 43. f7 Kc7 44. f8=Q+ Kc6 45. Qf6+ Kc5 46. Rc7+ Kb5 47.
Qc6+ 1-0

[Event "AUTO-OPEN-2086"]
[Site "http://www.queenalice.com/game.php?id=825149"]
[Date "2010.8.29"]
[Round "1"]
[White "mariarosa"]
[Black "FPM"]
[Result "1-0"]
[WhiteElo "2164"]
[BlackElo "1952"]

1. b4 d5 2. e3 e5 3. Bb2 e4 4. b5 c5 5. d3 exd3 6. Bxd3 c4 7. Be2 Qa5+ 8. Nc3
Bb4 9. Qd2 Qxb5 10. Nxb5 Bxd2+ 11. Kxd2 1-0

[Event "AUTO-OPEN-2086"]
[Site "http://www.queenalice.com/game.php?id=825150"]
[Date "2010.8.29"]
[Round "1"]
[White "FPM"]
[Black "mariarosa"]
[Result "0-1"]
[WhiteElo "1897"]
[BlackElo "2160"]

1. e4 c5 2. Nf3 e6 3. c3 b6 4. d4 d5 5. dxc5 Bxc5 6. exd5 Nf6 7. Bb5+ Bd7 8. Bc4
O-O 9. dxe6 Bxe6 10. Qxd8 Rxd8 11. O-O Bxc4 12. Re1 Nc6 13. b3 Bd5 14. Ne5 Nxe5
15. Rxe5 Re8 16. Bf4 Bxf2+ 17. Kxf2 Ng4+ 0-1

[Event "Challenge"]
[Site "http://www.queenalice.com/game.php?id=829110"]
[Date "2010.9.7"]
[Round "-"]
[White "Richardlim"]
[Black "mariarosa"]
[Result "1-0"]
[WhiteElo "2315"]
[BlackElo "2091"]

1. e4 c5 2. Nf3 e6 3. d4 cxd4 4. Nxd4 Nc6 5. Nc3 a6 6. Be3 Nf6 7. Bd3 Be7 8. Qf3
Ne5 9. Qg3 Ng6 10. O-O-O b5 11. e5 Ng8 12. Bxg6 hxg6 13. Ne4 Qa5 14. Kb1 Bb7 15.
Nb3 Qc7 16. Nbd2 O-O-O 17. f4 Nh6 18. Qf2 Nf5 19. Bb6 Qc6 20. Bxd8 Bxd8 21. Rc1
Bf6 22. exf6 gxf6 23. h3 e5 24. g4 d5 25. gxf5 dxe4 26. fxg6 fxg6 27. fxe5 fxe5
28. Qe3 Rh4 29. Rcf1 Qd5 30. Nb3 Qd6 31. Rd1 Qe7 32. Nc5 Bc6 33. Nxa6 Rh8 34. h4
Kb7 35. Nc5+ Kc8 36. Rh2 Rd8 37. Rxd8+ Kxd8 38. Qg5 Qxg5 39. hxg5 Ke7 40. Re2
Kd6 41. Nxe4+ Ke6 42. Nf2 Kf5 43. Kc1 Bd5 44. a3 e4 45. Re3 Kf4 46. Kd2 Kf5 47.
Kc3 Bc6 48. Kd4 Kxg5 49. Nxe4+ Kf4 50. Nd2 g5 51. Re1 g4 52. Kc5 Bd7 53. Nb3 g3
54. Nd4 g2 55. Nxb5 Kf3 56. Nd4+ Kg3 57. Rg1 Ba4 58. b4 Kf2 59. Rxg2+ Kxg2 60.
b5 Kf2 61. Kb4 Ke3 62. Kxa4 Kxd4 63. b6 Kc3 64. b7 Kxc2 65. b8=Q Kc3 66. Qf4 Kb2
67. Qe3 Kb1 68. Kb3 Ka1 69. Qc1# 1-0

[Event "Toneo ULP"]
[Site "http://www.queenalice.com/game.php?id=843538"]
[Date "2010.10.9"]
[Round "4"]
[White "SubRoger"]
[Black "mariarosa"]
[Result "1-0"]
[WhiteElo "2061"]
[BlackElo "2149"]

1. e4 e5 2. Nf3 Nc6 3. Bb5 d6 4. d4 Bd7 5. Bxc6 Bxc6 6. d5 Bd7 7. h3 Nf6 8. Nc3
Be7 9. O-O O-O 10. Re1 h6 11. Be3 a6 12. Qd2 c6 13. Nh2 c5 14. f3 b5 15. Nd1 Rc8
16. c3 a5 17. Nf2 Ra8 18. Nhg4 h5 19. Nxf6+ Bxf6 20. f4 exf4 21. Bxf4 Qc7 22.
Bg5 Be5 23. Bf4 f5 24. Bxe5 dxe5 25. d6 Qc6 26. exf5 Rxf5 27. Rad1 Re8 28. Qd5+
Rf7 29. Ne4 Qxd5 30. Rxd5 c4 31. Nc5 Kf8 32. Rdxe5 Kg8 33. Nxd7 Rd8 34. Nc5 Rxd6
35. Ne4 Rb6 36. Ng5 Rf8 37. h4 Rf4 38. g3 Rg4 39. Re8# 1-0

[Event "Challenge"]
[Site "http://www.queenalice.com/game.php?id=865299"]
[Date "2010.11.29"]
[Round "-"]
[White "modestyblase"]
[Black "mariarosa"]
[Result "1-0"]
[WhiteElo "2402"]
[BlackElo "2054"]

1. d4 d5 2. c4 e6 3. a3 Nf6 4. Nc3 h6 5. Nf3 Be7 6. e3 O-O 7. b4 c6 8. c5 b6 9.
Bd3 b5 10. a4 bxa4 11. O-O Ba6 12. Bxa6 Nxa6 13. Qxa4 Nb8 14. Bd2 Nfd7 15. b5
cxb5 16. Nxb5 a6 17. Rfb1 Nc6 18. Nd6 Ndb8 19. Ne5 f6 20. Nxc6 Nxc6 21. Qxc6
Bxd6 22. cxd6 Kf7 23. Rb7+ Kg6 24. d7 f5 25. Qxe6+ Rf6 26. Qxd5 Kh7 27. Ba5 Qf8
28. d8=Q Rxd8 29. Qxd8 Qd6 30. Qxd6 Rxd6 31. Rc1 Rf6 32. f4 h5 33. Rcc7 Rg6 34.
Bc3 h4 35. d5 Kh6 36. Bxg7+ Kh5 37. Bf8 a5 38. Rh7+ Kg4 39. Kf2 Rg8 40. h3# 1-0

[Event "Challenge"]
[Site "http://www.queenalice.com/game.php?id=884409"]
[Date "2011.1.11"]
[Round "-"]
[White "mariarosa"]
[Black "Xmen"]
[Result "0-1"]
[WhiteElo "2112"]
[BlackElo "1888"]

1. b3 e5 2. Bb2 d6 3. e3 Nf6 4. Be2 Bf5 5. d3 e4 6. Nd2 Be7 7. Rc1 d5 8. dxe4
Bxe4 9. Bxf6 Bxf6 10. Nxe4 dxe4 11. c3 O-O 12. Nh3 Qxd1+ 13. Rxd1 Bxc3+ 14. Kf1
h6 15. Rc1 Be5 16. g3 g5 17. Rc4 f5 18. Rc5 Bd6 19. Bc4+ Kg7 20. Rd5 Nc6 21. Bb5
Nb4 22. Rd2 a6 23. Ba4 b5 24. a3 Nd3 25. b4 bxa4 26. Ra2 c5 27. Ke2 cxb4 28. Rc1
Nxc1+ 29. Kd2 Nxa2 30. Ng1 bxa3 31. Ne2 Rac8 32. Ke1 Bb4+ 33. Kf1 Nc3 34. Nd4 a2
35. Nc2 a1=Q+ 36. Nxa1 Nd5 37. Kg2 Rc1 38. Kh3 Rxa1 39. g4 fxg4+ 40. Kxg4 Rxf2
41. h3 Rg1+ 42. Kh5 Nf6# 0-1

[Event "Challenge"]
[Site "http://www.queenalice.com/game.php?id=884413"]
[Date "2011.1.11"]
[Round "-"]
[White "mariarosa"]
[Black "headhunter"]
[Result "0-1"]
[WhiteElo "1977"]
[BlackElo "2536"]

1. Nf3 Nf6 2. b3 e6 3. c4 Be7 4. Bb2 O-O 5. e3 b6 6. Be2 Bb7 7. d3 d5 8. O-O c5
9. Nfd2 Nc6 10. Nf3 d4 11. Nbd2 dxe3 12. fxe3 Ng4 13. e4 Ne3 14. Qe1 Nxf1 15.
Nxf1 Qc7 16. a3 Rad8 17. Rd1 f5 18. Qg3 Qxg3 19. Nxg3 Na5 20. Nh5 fxe4 21. dxe4
Rxd1+ 22. Bxd1 Bxe4 23. Bxg7 Rf5 24. Nd2 Bg5 25. Ng3 Bxd2 26. Nxf5 exf5 27. Be5
Nc6 28. Bg3 f4 29. Bf2 Be3 30. Kf1 Nd4 31. Ke1 Bxg2 32. b4 Nf3+ 33. Ke2 Nxh2 34.
Bg1 Bxg1 35. Kd3 f3 36. Kc3 f2 37. Be2 Bf1 38. Bh5 Bxc4 39. Kxc4 f1=Q+ 40. Kd5
Qf5+ 41. Kc4 cxb4 42. Bd1 Qc5+ 43. Kb3 Qd5+ 44. Ka4 Qxd1+ 45. Kxb4 Qd5 46. a4
Qc5+ 47. Kb3 Bd4 48. a5 b5 49. Ka2 Qc2+ 50. Ka3 Qa4# 0-1

[Event "A.M.E "]
[Site "http://www.queenalice.com/game.php?id=890943"]
[Date "2011.1.25"]
[Round "3"]
[White "mariarosa"]
[Black "garota_rap"]
[Result "0-1"]
[WhiteElo "2134"]
[BlackElo "1803"]

1. f4 d5 2. Nf3 f6 3. e3 Nc6 4. Bb5 Nh6 5. h3 e6 6. Nd4 Bd7 7. Bxc6 bxc6 8. d3
c5 9. Nf3 Bd6 10. g4 O-O 11. O-O f5 12. b3 fxg4 13. hxg4 Nxg4 14. Bd2 Qf6 15.
Nc3 Nxe3 16. Bxe3 Qxc3 17. Rc1 Bxf4 18. Bxf4 Rxf4 19. Qe2 Raf8 20. Kg2 Qf6 21.
Qe3 Qg6+ 22. Kf2 d4 23. Qe1 Rxf3+ 24. Ke2 Re3+ 25. Kd2 Qg2+ 26. Kd1 Rxf1 27.
Qxf1 Qxf1+ 28. Kd2 Qe2# 0-1

[Event "Challenge"]
[Site "http://www.queenalice.com/game.php?id=906063"]
[Date "2011.2.26"]
[Round "-"]
[White "mariarosa"]
[Black "Richardlim"]
[Result "1/2-1/2"]
[WhiteElo "2052"]
[BlackElo "2295"]

1. c4 Nf6 2. Nc3 e6 3. d4 Bb4 4. Bd2 O-O 5. a3 Bxc3 6. Bxc3 b6 7. Nf3 Bb7 8. e3
Bxf3 9. Qxf3 c6 10. Bd3 d5 11. O-O a5 12. b4 axb4 13. axb4 Rxa1 14. Rxa1 Nbd7
15. c5 bxc5 16. bxc5 Qb8 17. Qd1 Ne8 18. Qc2 f5 19. Qa4 Qc7 20. Qa7 Qxa7 21.
Rxa7 Nef6 22. Rc7 Nb8 1/2-1/2

[Event "MUNDIAL / WORLD"]
[Site "http://www.queenalice.com/game.php?id=907022"]
[Date "2011.3.1"]
[Round "1"]
[White "Ebbe"]
[Black "mariarosa"]
[Result "1-0"]
[WhiteElo "1930"]
[BlackElo "2037"]

1. e4 Nf6 2. e5 Nd5 3. c4 Nb6 4. c5 Nd5 5. Bc4 c6 6. d4 d6 7. Bxd5 cxd5 8. Nf3
dxc5 9. O-O e6 10. b3 Nc6 11. Ba3 b6 12. Re1 Be7 13. Bb2 Ba6 14. a3 O-O 15. b4
cxb4 16. axb4 Nxb4 17. Re3 Bb7 18. Nc3 a6 19. Nd2 f6 20. Nf3 f5 21. Ne1 1-0

[Event "Challenge"]
[Site "http://www.queenalice.com/game.php?id=910535"]
[Date "2011.3.9"]
[Round "-"]
[White "jeancarlo1910"]
[Black "mariarosa"]
[Result "1-0"]
[WhiteElo "1837"]
[BlackElo "1961"]

1. c4 c5 2. Nc3 d6 3. d3 g6 4. h3 Bg7 5. e4 Nc6 6. Be2 Nf6 7. Bg5 Bd7 8. Rb1 O-O
9. Bxf6 Bxf6 10. Nd5 Bg5 11. Nf3 Bh6 12. a3 e6 13. Nc3 a6 14. O-O Nd4 15. Nxd4
cxd4 16. Na2 b5 17. Nb4 a5 18. Nc2 Bc6 19. Nxd4 Bd7 20. cxb5 e5 21. Nf3 Rb8 22.
a4 Be6 23. b3 Rb7 24. d4 f5 25. d5 Bd7 26. Nd2 Bf4 27. Bd3 h5 28. Nc4 Ra7 29.
exf5 gxf5 30. Nxd6 Qc7 31. b6 Qb8 32. bxa7 Qxa7 33. Qxh5 Rf6 34. Nxf5 Bxf5 35.
Bxf5 Kf8 36. Qh8+ Ke7 37. d6+ Kxd6 38. Qxf6+ Kd5 39. Rfd1+ Kc5 40. Qd6# 1-0

[Event "Challenge"]
[Site "http://www.queenalice.com/game.php?id=921219"]
[Date "2011.4.3"]
[Round "-"]
[White "plot24"]
[Black "mariarosa"]
[Result "1-0"]
[WhiteElo "1758"]
[BlackElo "2013"]

1. e4 e6 2. d4 d5 3. e5 Ne7 4. b4 Nbc6 5. a3 Bd7 6. Nf3 Nf5 7. c3 h6 8. Bd2 Be7
9. b5 Nb8 10. Bd3 c6 11. a4 O-O 12. c4 Be8 13. c5 b6 14. cxb6 axb6 15. Nc3 c5
16. Ne2 Nxd4 17. Nexd4 Nd7 18. Nc6 Qc8 19. Nxe7+ Kh8 20. Nxc8 Rxc8 21. Qc1 f6
22. Bxh6 gxh6 23. Qxh6+ Kg8 24. Qh7# 1-0

[Event "AUTO-OPEN-2086"]
[Site "http://www.queenalice.com/game.php?id=921568"]
[Date "2011.4.4"]
[Round "2"]
[White "szachista92"]
[Black "mariarosa"]
[Result "1-0"]
[WhiteElo "2028"]
[BlackElo "1975"]

1. e4 e5 2. Nf3 Nc6 3. Bb5 a6 4. Ba4 d6 5. O-O Nf6 6. Re1 Be7 7. d4 b5 8. Bb3
exd4 9. Nxd4 Nxd4 10. Qxd4 Bb7 11. c4 Bc6 12. e5 Ng8 13. cxb5 axb5 14. e6 fxe6
15. Bxe6 Nf6 16. Nc3 Rb8 17. Bg5 h6 18. Bh4 g5 19. Bg3 b4 20. Ne4 Nh5 21. Qxh8+
Bf8 22. Bf5 Qe7 23. Nf6+ Kd8 24. Rxe7 Nxf6 25. Qxf8+ Be8 26. Qxf6 h5 27. Rh7#
1-0

[Event "AUTO-OPEN-2086"]
[Site "http://www.queenalice.com/game.php?id=921569"]
[Date "2011.4.4"]
[Round "2"]
[White "mariarosa"]
[Black "szachista92"]
[Result "0-1"]
[WhiteElo "1938"]
[BlackElo "2018"]

1. e4 e5 2. Bc4 Nf6 3. Nc3 Bc5 4. h3 O-O 5. Nf3 d6 6. d4 exd4 7. Nb5 Nxe4 8.
Nbxd4 Nc6 9. O-O Nxd4 10. c3 Nxf2 11. Rxf2 Nxf3+ 12. gxf3 Bxf2+ 13. Kxf2 Qh4+
14. Ke3 Qxc4 15. Kf2 Bxh3 16. Qe1 Qh4+ 17. Ke2 Rfe8+ 18. Be3 Rxe3+ 19. Kxe3 Re8+
20. Kd2 Qf4+ 21. Kc2 Bf5+ 22. Kb3 Rxe1 23. Rxe1 Be6+ 24. Ka3 h5 25. Rf1 h4 26.
b3 h3 27. b4 h2 28. b5 Qd2 29. Kb4 Qb2+ 30. Ka4 Qxa2+ 31. Kb4 Qc4+ 32. Ka3 Qxc3+
33. Ka4 Qb3+ 34. Ka5 Qa3# 0-1